[Event "Quenza op 14th"]
[Site "Quenza"]
[Date "2025.07.06"]
[Round "8"]
[White "Bonelli Maestracci, Pierre Joseph"]
[Black "Deladerriere, Calypso"]
[Result "1-0"]
[WhiteElo "2098"]
[BlackElo "2060"]
[PlyCount "107"]
[EventDate "2025.07.06"]
[EventType "swiss (blitz)"]
[EventRounds "9"]
[EventCountry "FRA"]
[SourceTitle "CB29_2025"]
[SourceDate "2025.07.16"]
[SourceVersion "1"]
[SourceVersionDate "2025.07.16"]
[SourceQuality "1"]

1. e4 c5 2. Nf3 e6 3. c3 d5 4. e5 d4 5. d3 Nc6 6. Qe2 Nge7 7. g3 Ng6 8. Bg2 Be7 9. 0-0 0-0 10. Re1 Rb8 11. h4 Re8 12. h5 Nf8 13. Nbd2 Nd7 14. h6 g6 15. Ne4 Ndxe5 16. Nxe5 Nxe5 17. Bf4 f6 18. Nxf6+ Bxf6 19. Bxe5 Ra8 20. c4 Rf8 21. f4 a5 22. Bxf6 Qxf6 23. Qe5 Qe7 24. Rf1 Rf5 25. Qe2 Qf8 26. Bh3 Rf7 27. Rae1 Ra6 28. Qe5 Qxh6 29. Bg4 Qf8 30. Rf2 Rc6 31. Rfe2 Rb6 32. b3 Ra6 33. Qg5 Rf6 34. Qe5 Rc6 35. Bf3 Ra6 36. Bg4 Rc6 37. Bh3 Ra6 38. Qg5 Rc6 39. Re5 Kg7 40. Qg4 Rf5 41. Qf3 Rxe5 42. Rxe5 Qf7 43. Qe4 Ra6 44. Rxc5 Bd7 45. Qxd4+ Kf8 46. Re5 a4 47. b4 a3 48. b5 Ra8 49. Qd6+ Kg7 50. Bxe6 Bxe6 51. Qxe6 Rd8 52. Qxf7+ Kxf7 53. Re3 b6 54. Kf2 1-0

[Event "Quenza op 14th"]
[Site "Quenza"]
[Date "2025.07.06"]
[Round "5"]
[White "Lagarde, Maxime"]
[Black "Bonelli Maestracci, Pierre Joseph"]
[Result "1/2-1/2"]
[WhiteElo "2618"]
[BlackElo "2098"]
[PlyCount "115"]
[EventDate "2025.07.06"]
[EventType "swiss (blitz)"]
[EventRounds "9"]
[EventCountry "FRA"]
[SourceTitle "CB29_2025"]
[SourceDate "2025.07.16"]
[SourceVersion "1"]
[SourceVersionDate "2025.07.16"]
[SourceQuality "1"]

1. e4 c5 2. Nf3 d6 3. Bb5+ Bd7 4. c4 Nf6 5. Nc3 a6 6. Bxd7+ Qxd7 7. d4 cxd4 8. Nxd4 e6 9. 0-0 Be7 10. h3 0-0 11. Be3 Nc6 12. Qe2 Qc7 13. Rac1 Nd7 14. Rfd1 Nxd4 15. Bxd4 Bf6 16. b3 Rfd8 17. Qd2 Bxd4 18. Qxd4 Nf6 19. Qe3 Qc5 20. Rd3 Qxe3 21. Rxe3 Kf8 22. Rd1 Ke7 23. f4 Nd7 24. Kf2 Rab8 25. Red3 Nc5 26. R3d2 b5 27. b4 Na4 28. Nxa4 bxa4 29. a3 Rbc8 30. Rd4 f6 31. e5 fxe5 32. fxe5 d5 33. cxd5 Rxd5 34. Rxd5 exd5 35. Rxd5 Rc3 36. Ra5 Rxa3 37. Rxa6 g6 38. Ra7+ Ke6 39. Rxh7 Kxe5 40. Ra7 Kf6 41. h4 Kf5 42. Ra6 Kg4 43. Rxg6+ Kxh4 44. Ra6 Kg5 45. Kg1 Ra2 46. Kh2 a3 47. Kh3 Rb2 48. Ra5+ Kg6 49. g4 Rxb4 50. Rxa3 Rb1 51. Ra6+ Kg5 52. Ra5+ Kg6 53. Rc5 Ra1 54. Rc6+ Kg5 55. Rc5+ Kg6 56. Rc6+ Kg5 57. Rc5+ Kg6 58. Rc6+ 1/2-1/2

[Event "Purtichju op 10th"]
[Site "Porticcio"]
[Date "2025.06.29"]
[Round "2"]
[White "Duboue, Peio"]
[Black "Bonelli Maestracci, Pierre Joseph"]
[Result "1/2-1/2"]
[WhiteElo "2452"]
[BlackElo "2098"]
[PlyCount "55"]
[EventDate "2025.06.28"]
[EventType "swiss"]
[EventRounds "9"]
[EventCountry "FRA"]
[SourceTitle "CB29_2025"]
[SourceDate "2025.07.16"]
[SourceVersion "1"]
[SourceVersionDate "2025.07.16"]
[SourceQuality "1"]

1. e4 c5 2. c3 d5 3. exd5 Qxd5 4. d4 g6 5. Nf3 Bg7 6. Na3 Nh6 7. Be3 cxd4 8. Bxd4 Bxd4 9. Qxd4 Qxd4 10. Nxd4 0-0 11. Be2 e5 12. Ndb5 Nc6 13. 0-0-0 Rb8 14. Nd6 Be6 15. Nac4 b5 16. Bf3 bxc4 17. Bxc6 Ng4 18. Ne4 Rb6 19. Bd7 Bxd7 20. Rxd7 f5 21. h3 fxe4 22. hxg4 Rxf2 23. Rhxh7 Rf1+ 24. Kc2 Rf2+ 25. Kc1 Rf1+ 26. Kc2 Rf2+ 27. Kc1 Rf1+ 28. Kc2 1/2-1/2

[Event "EU-ch U14"]
[Site "Prague"]
[Date "2024.08.24"]
[Round "3"]
[White "Bonelli Maestracci, Pierre Joseph"]
[Black "Moldovan, Lucas Gabriel"]
[Result "0-1"]
[WhiteElo "2203"]
[BlackElo "1919"]
[PlyCount "60"]
[EventDate "2024.08.22"]
[EventType "swiss"]
[EventRounds "9"]
[EventCountry "CZE"]
[SourceTitle "CBM 221 Extra"]
[Source "ChessBase"]
[SourceDate "2024.09.30"]
[SourceVersion "1"]
[SourceVersionDate "2024.09.30"]
[SourceQuality "1"]

1. e4 c5 2. Nf3 d6 3. d4 cxd4 4. Nxd4 Nf6 5. Nc3 g6 6. Be3 Bg7 7. f3 0-0 8. Qd2 Nc6 9. g4 Be6 10. Nxe6 fxe6 11. 0-0-0 Ne5 12. Be2 Rc8 13. h4 Qa5 14. Kb1 Nc4 15. Bxc4 Rxc4 16. h5 Rfc8 17. hxg6 hxg6 18. Nd5 Qxd2 19. Nxf6+ Bxf6 20. Rxd2 Rb4 21. b3 Rc3 22. Re2 Rc8 23. a4 a6 24. Rh3 b5 25. a5 d5 26. Ka2 dxe4 27. f4 Rc3 28. Rh6 Kf7 29. Ka3 Ra4+ 30. Kb2 Rxe3+ 0-1

[Event "Ceyreste Cassis op 1st"]
[Site "Ceyreste"]
[Date "2024.05.09"]
[Round "2"]
[White "Gozzoli, Yannick"]
[Black "Bonelli Maestracci, Pierre Joseph"]
[Result "1/2-1/2"]
[WhiteElo "2588"]
[BlackElo "2113"]
[PlyCount "130"]
[EventDate "2024.05.09"]
[EventType "swiss"]
[EventRounds "7"]
[EventCountry "FRA"]
[SourceTitle "CBM 220 Extra"]
[Source "ChessBase"]
[SourceDate "2024.07.31"]
[SourceVersion "1"]
[SourceVersionDate "2024.07.31"]
[SourceQuality "1"]

1. Nf3 Nf6 2. c4 g6 3. Nc3 d5 4. cxd5 Nxd5 5. h4 Bg7 6. h5 Nxc3 7. bxc3 c5 8. Rb1 Nc6 9. g3 Qc7 10. Bh3 Bxh3 11. Rxh3 Qd7 12. Rh2 b6 13. Qa4 Rd8 14. Kf1 Ne5 15. Qxd7+ Rxd7 16. Nxe5 Bxe5 17. c4 g5 18. d3 g4 19. Bd2 f5 20. a4 Kd8 21. Kg2 Kc7 22. h6 Rf8 23. Rh5 Rd6 24. Rbh1 Rg6 25. Rg5 Rxg5 26. Bxg5 Kd7 27. f3 gxf3+ 28. Kxf3 Bd6 29. a5 Rg8 30. Bh4 Rg6 31. axb6 axb6 32. Ra1 e5 33. Ra7+ Bc7 34. Ra8 Rxh6 35. Rf8 f4 36. Ke4 fxg3 37. Bxg3 Rg6 38. Rf7+ Kc6 39. Bxe5 Bxe5 40. Kxe5 Rg2 41. e3 h5 42. Rh7 Rg5+ 43. Kf4 Rg4+ 44. Kf3 Rh4 45. Rh6+ Kc7 46. Kg3 Rh1 47. Kf4 Rh4+ 48. Ke5 Rh3 49. Ke4 Rh4+ 50. Kd5 Rh3 51. Rh7+ Kd8 52. Ke4 Rh4+ 53. Kf5 Rh3 54. Kf4 Rh4+ 55. Kg3 Rh1 56. Kf4 Rh4+ 57. Ke5 Rh3 58. Ke4 Rh4+ 59. Kd5 Rh3 60. Kc6 Rxe3 61. Rh8+ Re8 62. Rxh5 Re6+ 63. Kb7 Rd6 64. Rh7 Rxd3 65. Kxb6 Rd6+ 1/2-1/2

[Event "FRA-ch U14"]
[Site "Agen"]
[Date "2024.04.21"]
[Round "9"]
[White "Khoury, Theo"]
[Black "Bonelli Maestracci, Pierre Joseph"]
[Result "0-1"]
[WhiteElo "2086"]
[BlackElo "2044"]
[PlyCount "78"]
[EventDate "2024.04.14"]
[EventType "swiss"]
[EventRounds "9"]
[EventCountry "FRA"]
[SourceTitle "EXT 2025"]
[Source "ChessBase"]
[SourceDate "2024.10.14"]
[SourceVersion "1"]
[SourceVersionDate "2024.10.14"]
[SourceQuality "1"]

1. e4 c5 2. Nf3 d6 3. d4 cxd4 4. Nxd4 Nf6 5. Nc3 a6 6. f3 e5 7. Nb3 Be6 8. Be3 Be7 9. Qd2 h5 10. Nd5 Nxd5 11. exd5 Bf5 12. Be2 Bh4+ 13. g3 Be7 14. c4 Nd7 15. Na5 Qc7 16. b4 Rc8 17. Rc1 0-0 18. 0-0 Qb8 19. Rfd1 Bd8 20. Nb3 b6 21. c5 bxc5 22. Bxa6 Rc7 23. bxc5 dxc5 24. Nxc5 Nxc5 25. Rxc5 Ra7 26. Rb5 Qa8 27. Bxa7 Qxa7+ 28. Kg2 Qxa6 29. Rb8 e4 30. Rc1 exf3+ 31. Kxf3 Qd6 32. Rb5 Qg6 33. Re1 Bg5 34. Qc3 Bf6 35. Qb4 Bg4+ 36. Kf2 Qc2+ 37. Kg1 Bf3 38. Qxf8+ Kh7 39. Re2 Qd1+ 0-1

[Event "FRA-ch U14"]
[Site "Agen"]
[Date "2024.04.16"]
[Round "4"]
[White "Pon Le Brun, Gregoire"]
[Black "Bonelli Maestracci, Pierre Joseph"]
[Result "1-0"]
[WhiteElo "1900"]
[BlackElo "2044"]
[PlyCount "83"]
[EventDate "2024.04.14"]
[EventType "swiss"]
[EventRounds "9"]
[EventCountry "FRA"]
[SourceTitle "EXT 2025"]
[Source "ChessBase"]
[SourceDate "2024.10.14"]
[SourceVersion "1"]
[SourceVersionDate "2024.10.14"]
[SourceQuality "1"]

1. e4 c5 2. Nf3 Nc6 3. Bb5 Nf6 4. Nc3 g6 5. 0-0 Bg7 6. Re1 0-0 7. h3 d5 8. exd5 Nxd5 9. Nxd5 Qxd5 10. Qe2 a6 11. Bxc6 Qxc6 12. Ne5 Qc7 13. b3 b5 14. Bb2 Bf5 15. d3 Rfd8 16. a4 Rab8 17. axb5 axb5 18. Ra6 Rd6 19. Rea1 Rxa6 20. Rxa6 Be6 21. Rc6 Qa7 22. Rxe6 fxe6 23. Nc6 Qd7 24. Nxb8 Qd6 25. Bxg7 Kxg7 26. d4 Qxb8 27. dxc5 Qf4 28. Qe3 Qc7 29. b4 e5 30. Qe2 Qb8 31. c4 e4 32. Qxe4 bxc4 33. Qxe7+ Kg8 34. Qe6+ Kg7 35. Qxc4 Qe5 36. g3 Qa1+ 37. Kg2 Qa8+ 38. c6 Qb8 39. c7 Qa8+ 40. Kh2 Qa7 41. Qc5 Qxc5 42. bxc5 1-0

[Event "FRA-ch U14"]
[Site "Agen"]
[Date "2024.04.15"]
[Round "3"]
[White "Bonelli Maestracci, Pierre Joseph"]
[Black "Wang, Eliott"]
[Result "1-0"]
[WhiteElo "2044"]
[BlackElo "1872"]
[PlyCount "59"]
[EventDate "2024.04.14"]
[EventType "swiss"]
[EventRounds "9"]
[EventCountry "FRA"]
[SourceTitle "EXT 2025"]
[Source "ChessBase"]
[SourceDate "2024.10.14"]
[SourceVersion "1"]
[SourceVersionDate "2024.10.14"]
[SourceQuality "1"]

1. e4 c5 2. c3 d5 3. exd5 Qxd5 4. d4 Nf6 5. Nf3 Nc6 6. Be2 e6 7. Na3 a6 8. Nc4 Qd8 9. Be3 b5 10. Nce5 Bb7 11. Nxc6 Bxc6 12. dxc5 Qc7 13. b4 Be7 14. Qc1 Nd5 15. 0-0 0-0 16. Nd4 a5 17. a4 axb4 18. Nxc6 Qxc6 19. axb5 Rxa1 20. Qxa1 Qc7 21. cxb4 Nxe3 22. fxe3 Bf6 23. Rxf6 gxf6 24. Qxf6 Qa7 25. b6 Qa2 26. Kf2 Qb1 27. Qf4 f6 28. b7 e5 29. Qg4+ Kh8 30. Qc8 1-0

[Event "Bastia op"]
[Site "Bastia"]
[Date "2023.07.10"]
[Round "6"]
[White "Bonelli Maestracci, Pierre Joseph"]
[Black "Bulmaga, Irina"]
[Result "0-1"]
[WhiteElo "1893"]
[BlackElo "2416"]
[PlyCount "106"]
[EventDate "2023.07.09"]
[EventType "swiss"]
[EventRounds "9"]
[EventCountry "FRA"]
[SourceTitle "CBM 215 Extra"]
[Source "ChessBase"]
[SourceDate "2023.09.30"]
[SourceVersion "1"]
[SourceVersionDate "2023.09.30"]
[SourceQuality "1"]

1. e4 e5 2. Nf3 Nc6 3. Bb5 g6 4. 0-0 Bg7 5. c3 a6 6. Ba4 d6 7. h3 Nf6 8. Re1 b5 9. Bc2 0-0 10. d4 exd4 11. Nxd4 Bb7 12. a4 Re8 13. f3 d5 14. Nxc6 Bxc6 15. axb5 axb5 16. Rxa8 Bxa8 17. exd5 Bxd5 18. Bg5 Rxe1+ 19. Qxe1 Qd6 20. Nd2 h6 21. Bh4 b4 22. Ne4 Nxe4 23. fxe4 Be6 24. cxb4 Bxb2 25. Bf2 Qe5 26. Qe2 Qc3 27. Be1 Qd4+ 28. Qf2 Qc4 29. Qd2 Kh7 30. Bd3 Bd4+ 31. Kh1 Qc6 32. b5 Qd7 33. Bf1 Qd6 34. Bf2 Bxf2 35. Qxf2 Qe5 36. Qf3 Kg7 37. Bd3 h5 38. Qe2 Bd7 39. Bc4 Bc8 40. Bd5 f5 41. Qc4 fxe4 42. Qxe4 Qxe4 43. Bxe4 Bd7 44. Bd3 Kf6 45. Kg1 Bf5 46. Be2 Ke5 47. Kf2 Kd4 48. g4 hxg4 49. hxg4 Bd3 50. Bd1 Bxb5 51. Kg3 g5 52. Kf2 Bd3 53. Kf3 c5 0-1

[Event "FRA-ch U12/16"]
[Site "Agen"]
[Date "2023.04.26"]
[Round "5"]
[White "Cassam Chenai, Antoine"]
[Black "Bonelli Maestracci, Pierre Joseph"]
[Result "1-0"]
[WhiteElo "2172"]
[BlackElo "1826"]
[PlyCount "99"]
[EventDate "2023.04.23"]
[EventType "swiss"]
[EventRounds "9"]
[EventCountry "FRA"]
[SourceTitle "CBM 214 Extra"]
[Source "ChessBase"]
[SourceDate "2023.07.31"]
[SourceVersion "1"]
[SourceVersionDate "2023.07.31"]
[SourceQuality "1"]

1. e4 c5 2. Nf3 d6 3. Bb5+ Bd7 4. Bxd7+ Qxd7 5. 0-0 Nf6 6. Re1 Nc6 7. c3 e6 8. d4 cxd4 9. cxd4 d5 10. e5 Ne4 11. a3 Be7 12. Qd3 0-0 13. Nbd2 Nxd2 14. Bxd2 Rfc8 15. h4 Qd8 16. Ng5 Bxg5 17. hxg5 Qb6 18. Bc3 a5 19. g3 g6 20. Kg2 Kg7 21. Rh1 Rh8 22. Rh4 Qd8 23. Bd2 Ne7 24. g4 Nc6 25. Rah1 Rb8 26. Qf3 Rc8 27. Qf6+ Qxf6 28. gxf6+ Kf8 29. Rxh7 Rxh7 30. Rxh7 Ke8 31. Bc3 b6 32. Kf3 Nd8 33. Ke3 Kd7 34. Kd3 Kc6 35. Rh8 Kb5 36. f4 Kc6 37. b4 axb4 38. Bxb4 Kd7 39. Rf8 Rc4 40. Be7 Nc6 41. Rxf7 Rxd4+ 42. Ke3 Re4+ 43. Kf3 Nd4+ 44. Kg3 Ne2+ 45. Kf2 Nxf4 46. Bd6+ Kc6 47. Rc7+ Kb5 48. f7 Nd3+ 49. Kg3 Re3+ 50. Kh4 1-0

[Event "FRA-ch U12"]
[Site "Agen"]
[Date "2022.04.24"]
[Round "9"]
[White "Breuil, Virgile"]
[Black "Bonelli Maestracci, Pierre Joseph"]
[Result "1/2-1/2"]
[WhiteElo "1858"]
[BlackElo "1691"]
[PlyCount "124"]
[EventDate "2022.04.16"]
[EventType "swiss"]
[EventRounds "9"]
[EventCountry "FRA"]
[SourceTitle "EXT 2023"]
[Source "ChessBase"]
[SourceDate "2022.10.05"]
[SourceVersion "1"]
[SourceVersionDate "2022.10.05"]
[SourceQuality "1"]

1. e4 c5 2. c3 d5 3. exd5 Qxd5 4. Nf3 Nc6 5. d4 cxd4 6. cxd4 e5 7. Nc3 Bb4 8. Be3 Bg4 9. Be2 Bxf3 10. Bxf3 e4 11. Be2 Nf6 12. 0-0 Qa5 13. Qb3 0-0 14. a3 Bxc3 15. bxc3 Nd5 16. c4 Nxe3 17. fxe3 Qg5 18. Rf2 Rac8 19. Raf1 f5 20. c5+ Kh8 21. Kh1 Rf6 22. Qxb7 Rcf8 23. d5 Ne5 24. Qc7 Ng6 25. Qg3 Qh6 26. d6 f4 27. Qh3 Qg5 28. Qh5 f3 29. Qxg5 fxe2 30. Qxf6 exf1Q+ 31. Rxf1 gxf6 32. c6 Ne5 33. c7 Kg7 34. g4 h6 35. h4 Kf7 36. g5 hxg5 37. hxg5 Rh8+ 38. Kg2 Ke6 39. Rxf6+ Kd7 40. Kg3 Nc4 41. Kf4 Nxd6 42. Ke5 Nc4+ 43. Kxe4 Kxc7 44. g6 Rg8 45. Kf4 Kd7 46. Ra6 Ke7 47. e4 Nd6 48. Rxa7+ Ke6 49. e5 Rxg6 50. Ra6 Kd5 51. a4 Rh6 52. a5 Rh4+ 53. Kg5 Re4 54. exd6 Re5+ 55. Kf4 Re8 56. d7 Rd8 57. Ra7 Kc6 58. Ke5 Rxd7 59. Rxd7 Kxd7 60. a6 Kc7 61. a7 Kb7 62. Kd6 Kxa7 1/2-1/2

[Event "FRA-ch Blitz Online Qual"]
[Site "Europe Echecs INT"]
[Date "2020.05.16"]
[Round "15"]
[White "Bonelli Maestracci, Pierre Joseph"]
[Black "Dimey, Cyrille"]
[Result "1/2-1/2"]
[WhiteElo "1545"]
[BlackElo "1871"]
[PlyCount "84"]
[EventDate "2020.05.16"]
[EventType "swiss (blitz)"]
[EventRounds "15"]
[EventCountry "FRA"]
[SourceTitle "CBM 196 Extra"]
[Source "ChessBase"]
[SourceDate "2020.07.31"]
[SourceVersion "1"]
[SourceVersionDate "2020.07.31"]
[SourceQuality "1"]

1. e4 e6 2. d4 d5 3. exd5 exd5 4. c3 Nc6 5. Bd3 Bd6 6. Nf3 Nge7 7. 0-0 Bg4 8. Nbd2 Qd7 9. Re1 h6 10. Qc2 0-0 11. b3 Bf5 12. Bxf5 Nxf5 13. Bb2 Rfe8 14. a3 Rad8 15. Rad1 Re6 16. Rxe6 fxe6 17. c4 Bf4 18. Nf1 Bd6 19. Qe2 Re8 20. Re1 Nd8 21. cxd5 Qe7 22. Qc4 Qf7 23. dxe6 Nxe6 24. Ne5 Bxe5 25. Rxe5 c6 26. Qe2 Nc7 27. Rxe8+ Nxe8 28. Qe5 Nc7 29. Ne3 Nxe3 30. Qxe3 Nd5 31. Qd2 Qf5 32. g3 Qf8 33. Kg2 Qd6 34. Qe2 Qd7 35. Qe5 Qf7 36. b4 a6 37. Bc1 Qd7 38. Bf4 Nf6 39. Qb8+ Kh7 40. Qe5 Kg8 41. Be3 Nd5 42. Bf4 Nf6 1/2-1/2